Are You Smarter Than a College Student? XXXVI Quiz Stats

 Plays Quiz Updated Jan 29, 2018

Score 0/30 Timer 07:00
2 Plays Today
Hint Answer % Correct
EasyEarth
95.7%
EasyBartholomew
95.1%
Easyquarter
93.8%
EasyDarth Vader
91.1%
EasyHogwarts
89.9%
Easyarthritis
85.5%
Easykindergarten
84.9%
EasyWolfgang Mozart
83.5%
Easymartini
82.3%
Easyapartheid
81.6%
Mediumartery
77.3%
Mediumtartar sauce
76.6%
Mediumwarthog
75.1%
Mediumartichoke
74%
MediumJimmy Carter
72.9%
Hint Answer % Correct
Mediumdartboard
72.9%
MediumMagna Carta
68.7%
MediumGarth
59.1%
MediumParthenon
58.8%
MediumDartmouth
56.2%
Hardcartwheel
52.4%
Hardquartz
48.3%
HardArtemis
47.7%
HardSweethearts
46.1%
Hardd'Artagnan
36.1%
HardThe Departed
31.9%
HardDouglas MacArthur
31.7%
HardKhartoum
27.6%
Hardchartreuse
20.9%
HardEdith Wharton
20.8%

You're not logged in!

Compare scores with friends on all Sporcle quizzes.
Join for Free
OR
Log In

Show Comments

Extras

Top Quizzes Today


Score Distribution

Your Account Isn't Verified!

In order to create a playlist on Sporcle, you need to verify the email address you used during registration. Go to your Sporcle Settings to finish the process.

Report this User

Report this user for behavior that violates our Community Guidelines.

Details: